<?xml version="1.0" encoding="UTF-8"?><?xml-stylesheet type="text/xsl" href="static/style.xsl"?><OAI-PMH xmlns="http://www.openarchives.org/OAI/2.0/" xmlns:xsi="http://www.w3.org/2001/XMLSchema-instance" xsi:schemaLocation="http://www.openarchives.org/OAI/2.0/ http://www.openarchives.org/OAI/2.0/OAI-PMH.xsd"><responseDate>2026-06-02T06:05:08Z</responseDate><request verb="GetRecord" identifier="oai:riuma.uma.es:10630/39892" metadataPrefix="marc">https://riuma.uma.es/rest/oai/request</request><GetRecord><record><header><identifier>oai:riuma.uma.es:10630/39892</identifier><datestamp>2026-02-03T12:51:12Z</datestamp><setSpec>com_10630_27</setSpec><setSpec>com_10630_3139</setSpec><setSpec>com_10630_10</setSpec><setSpec>col_10630_39325</setSpec></header><metadata><record xmlns="http://www.loc.gov/MARC21/slim" xmlns:dcterms="http://purl.org/dc/terms/" xmlns:doc="http://www.lyncode.com/xoai" xmlns:xsi="http://www.w3.org/2001/XMLSchema-instance" xsi:schemaLocation="http://www.loc.gov/MARC21/slim http://www.loc.gov/standards/marcxml/schema/MARC21slim.xsd">
   <leader>00925njm 22002777a 4500</leader>
   <datafield ind2=" " ind1=" " tag="042">
      <subfield code="a">dc</subfield>
   </datafield>
   <datafield ind2=" " ind1=" " tag="720">
      <subfield code="a">Guerra Montes, Juan</subfield>
      <subfield code="e">author</subfield>
   </datafield>
   <datafield ind2=" " ind1=" " tag="720">
      <subfield code="a">Jiménez, Juan A.</subfield>
      <subfield code="e">author</subfield>
   </datafield>
   <datafield ind2=" " ind1=" " tag="720">
      <subfield code="a">Cano, María J.</subfield>
      <subfield code="e">author</subfield>
   </datafield>
   <datafield ind2=" " ind1=" " tag="720">
      <subfield code="a">Gallego Morales, María Teresa</subfield>
      <subfield code="e">author</subfield>
   </datafield>
   <datafield ind2=" " ind1=" " tag="720">
      <subfield code="a">Rodríguez, Omar</subfield>
      <subfield code="e">author</subfield>
   </datafield>
   <datafield ind2=" " ind1=" " tag="720">
      <subfield code="a">Cabezudo-Artero, Baltasar</subfield>
      <subfield code="e">author</subfield>
   </datafield>
   <datafield ind2=" " ind1=" " tag="260">
      <subfield code="c">2023-06-01</subfield>
   </datafield>
   <datafield ind2=" " ind1=" " tag="520">
      <subfield code="a">Mediante las recolecciones en un total de 61 localidades muestreadas, se lleva a cabo un estudio de la flora briofítica de la comarca de la Axarquía (Málaga) y la ZEC Sierra de Camarolos (Málaga). La diversidad briofítica se estima en 140 especies, de ellas 124 son musgos y 16 hepáticas. Husnotiella sinuosa (Mitt.) J.A. Jiménez &amp; M.J. Cano se cita por vez primera de Andalucía, Orthotrichum macrocephalum F. Lara, Garilleti &amp; Mazimpaka, O. schimperi Hammar y Tortella inflexa (Bruch) Broth. son novedades para la brioflora malacitana. La mayoría de las especies del catálogo (alrededor del 85%) son novedades para el territorio estudiado</subfield>
   </datafield>
   <datafield ind2=" " ind1=" " tag="520">
      <subfield code="a">Through the collection of samples and study of 61 localities, the bryophytic flora of the Axarquía region and the ZEC Sierra de Camarolos is studied. The bryophyte diversity is estimated at 140 species, of which 124 are mosses and 16 liverworts. Husnotiella sinuosa (Mitt.) J.A. Jiménez &amp; M.J. Cano is recorded for the first time from Andalusia, Orthotrichum macrocephalum F. Lara, Garilleti &amp; Mazimpaka, O. schimperi Hammar, and Tortella inflexa (Bruch) Broth. are reported for the first time from Malaga province. Most of the species in the catalogue (about 85%) are new for the studied territory.</subfield>
   </datafield>
   <datafield ind1="8" ind2=" " tag="024">
      <subfield code="a">Guerra Montes, J., Jiménez, J. A. ., Cano, M. J., Gallego, M. T., Rodríguez, O., &amp; Cabezudo, B. (2023). Contribución al conocimiento de la flora briofítica de la comarca de la Axarquía y la ZEC Sierra de Camarolos (Málaga, España). Acta Botanica Malacitana, 48, 1–13. https://doi.org/10.24310/abm.v48i.16177</subfield>
   </datafield>
   <datafield ind1="8" ind2=" " tag="024">
      <subfield code="a">https://hdl.handle.net/10630/39892</subfield>
   </datafield>
   <datafield ind1="8" ind2=" " tag="024">
      <subfield code="a">10.24310/abm.v48i.16177</subfield>
   </datafield>
   <datafield tag="653" ind2=" " ind1=" ">
      <subfield code="a">Flora - Málaga (Provincia)</subfield>
   </datafield>
   <datafield tag="653" ind2=" " ind1=" ">
      <subfield code="a">Fitogeografía</subfield>
   </datafield>
   <datafield tag="653" ind2=" " ind1=" ">
      <subfield code="a">Briofitas</subfield>
   </datafield>
   <datafield ind2="0" ind1="0" tag="245">
      <subfield code="a">Contribución al conocimiento de la flora briofítica de la comarca de la Axarquía y la ZEC Sierra de Camarolos (Málaga, España).</subfield>
   </datafield>
</record>
</metadata></record></GetRecord></OAI-PMH>